000 01691cam a2200133 4500500
005 20260405085551.0
041 _afre
042 _adc
100 1 0 _aDaziano, Laurence
_eauthor
245 0 0 _aLes pays émergents : Approche géo-économique
260 _bArmand Colin,
_c2014.
520 _aL’émergence de nouvelles grandes puissances, réunies sous l’acronyme BRICS (Brésil, Russie, Inde, Chine, Afrique du Sud) constitue le phénomène le plus marquant de la décennie écoulée. Après cette première phase qui a vu la Chine devenir la deuxième économie mondiale, de nouvelles puissances s’imposent à leur tour au Sud, du Nigeria à l’Indonésie en passant par l’Éthiopie et le Vietnam, dans un monde de plus en plus globalisé. Ces nouveaux pays émergents sont en pleine croissance économique et démographique. Ils aspirent désormais à peser sur les affaires mondiales. Structuré, clair, pédagogique, ce manuel aborde les principaux enjeux qui touchent les pays émergents : mondialisation, démographie, urbanisation, religion, changements climatiques, monnaies, entreprises… Ce manuel est destiné aux étudiants de classes préparatoires, des IEP, des écoles de commerce ou en économie, mais aussi à tous ceux qui souhaitent comprendre les impacts de ces pays sur l’économie mondiale et les sociétés. Une chronologie claire et synthétique permet de mettre en perspective les événements marquants des pays émergents depuis la chute du mur de Berlin. De nombreux graphiques et cartes illustrent les démonstrations de l’auteur.
856 4 1 _uhttps://shs.cairn.info/les-pays-emergents--9782200293840?lang=fr&redirect-ssocas=7080
999 _c2198587
_d2198587